000 01265nam a2200253Ia 4500
999 _c53474
_d53474
001 20520
003 GE_BSU
005 20250724165942.0
008 181216s2017||||ge |||||||||||||| ||geo||
020 _a9789941246906
040 _cGE_BSU
041 _ageo
080 _a27-36 თ-54
245 _a Ⴇვენი. [ტ.] 17, 11 ივნისი - 20 ივნისი (ახალი სტილით 24 ივნისი - 3 ივლისი) /
_b
_c პროექტის ავტორი და რედაქტორი თამარ მამაცაშვილი ; შემდგენელი კახაბერ კენკიშვილი ; დიზაინერი რატი თორდია.
264 _aთბილისი :
_bპალიტრა L,
_c2017.
300 _a336 გვ. ;
_c22 სმ.
490 _aჟურნალ"კარიბჭის" ბიბლიოთეკა
541 _h6 ლ.
653 _aთვენი. 11 ივნისი -20 ივნისი. 17
653 _aრელიგია
653 _aმართლმადიდებლური ეკლესია
653 _aწმინდანთა ცხოვრება
942 _cBK
_2udc